<?xml version="1.0" encoding="UTF-8"?>
<marc:record xmlns:marc="http://www.loc.gov/MARC21/slim">
   <marc:leader>00000nam a2200000 a 4500</marc:leader>
   <marc:datafield ind1="1" ind2=" " tag="100">
      <marc:subfield code="a">Johnson, Pete</marc:subfield>
      <marc:subfield code="4">aut</marc:subfield>
      <marc:subfield code="e">Verfasser/-in</marc:subfield>
   </marc:datafield>
   <marc:datafield ind1="1" ind2=" " tag="100">
      <marc:subfield code="a">Vogel, Maja von</marc:subfield>
      <marc:subfield code="4">trl</marc:subfield>
      <marc:subfield code="e">Übersetzer/-in</marc:subfield>
   </marc:datafield>
   <marc:datafield ind1="0" ind2="0" tag="245">
      <marc:subfield code="a">Wie man seine Eltern erzieht</marc:subfield>
   </marc:datafield>
   <marc:datafield ind1="0" ind2="0" tag="245">
      <marc:subfield code="c">Pete Johnson ; aus dem Englischen von Maja von Vogel</marc:subfield>
   </marc:datafield>
   <marc:datafield ind1=" " ind2="1" tag="264">
      <marc:subfield code="a">München</marc:subfield>
      <marc:subfield code="b">ars edition</marc:subfield>
      <marc:subfield code="c">2021</marc:subfield>
   </marc:datafield>
   <marc:datafield ind1="1" ind2=" " tag="520">
      <marc:subfield code="a">Ein witziger Roman über das chaotische Leben als TeenagerDieses Kinderbuch ist die perfekte Lektüre für alle Fans von "Gregs Tagebuch" oder "Tom Gates". Luis bringt nicht nur seine Mitschüler, sondern auch alle Leser zum Lachen!Zum Buch:Auch das noch! Luis muss mit seiner Familie umziehen und an seiner neuen Schule gibt es nur Streber. Außerdem sind alle Lehrer humorlos und langweilig. Keiner versteht Luis' wahnsinnig lustigen Witze und seine Karriere als Comedy-Star kann er hier wohl knicken. Zu allem Überfluss benehmen sich seine Eltern plötzlich äußerst merkwürdig und verlangen von ihm mehr schulisches Engagement ... Doch dann hat Luis die rettende Idee: Er meldet sich heimlich zu einem Casting an. Jetzt wird er endlich ein Star!</marc:subfield>
   </marc:datafield>
   <marc:datafield ind1=" " ind2=" " tag="020">
      <marc:subfield code="a">9783845839431</marc:subfield>
      <marc:subfield code="9">9783845839431</marc:subfield>
   </marc:datafield>
   <marc:datafield ind1=" " ind2=" " tag="041">
      <marc:subfield code="a">ger</marc:subfield>
   </marc:datafield>
   <marc:datafield ind1="0" ind2=" " tag="490">
      <marc:subfield code="v">1</marc:subfield>
   </marc:datafield>
   <marc:datafield ind1="1" ind2=" " tag="521">
      <marc:subfield code="a">0</marc:subfield>
   </marc:datafield>
   <marc:datafield ind1=" " ind2=" " tag="300">
      <marc:subfield code="a">171 Seiten</marc:subfield>
   </marc:datafield>
</marc:record>
